000 00657nam a2200253Ia 4500
003 OSt
005 20221006155632.0
006 a|||||r|||| 00| 0
007 ta
008 221006b |||||||| |||| 00| 0 chi d
024 _a42,871
037 _cTextual
040 _aEASL
_cEASL
_bchi
041 _2chi
_achi
082 _aU5v41.N1, K6.
100 _aQing Lizhaoluo
_9669847
245 0 _aLidai Dili Zhiyunbian Jinshi
260 _aTaibei
_bTaiwan Shangwu Yinshuguan China
_c1966
300 _ap.
_ccm.
490 _v V.2CCL
650 _aCCL
942 _hU5v41.N1, K6.
_cTEXL
_2CC
999 _c1110957
_d1110957